Normal view
MARC view
Entry Meeting Name
001 - CONTROL NUMBER
- control field: 24515
003 - CONTROL NUMBER IDENTIFIER
- control field: OSt
005 - DATE AND TIME OF LATEST TRANSACTION
- control field: 20211105134858.0
008 - FIXED-LENGTH DATA ELEMENTS
- fixed length control field: 211105|| aca||aabn | a|a d
040 ## - CATALOGING SOURCE
- Original cataloging agency: OSt
- Transcribing agency: OSt
111 ## - HEADING--MEETING NAME
- Meeting name or jurisdiction name as entry element: Conference on perspectives on radio astronomy
- Location of meeting: Amsterdam, The Netherlands
- Date of meeting or treaty signing: 1999 Apr. 7-9
670 ## - SOURCE DATA FOUND
- Source citation: Work cat.: (OSt): Conference on perspectives on radio astronomy Amsterdam, The Netherlands 1999 Apr. 7-9, Perspectives on radio astronomy, 1999